ਕਾਰਲ ਮਾਰਕਸ ਜੀਵਨ,ਸਖਸੀਅਤ ਅਤੇ ਵਿਚਾਰ / (Record no. 88951)
[ view plain ]
| 000 -LEADER | |
|---|---|
| fixed length control field | 01144nam a22002897a 4500 |
| 005 - DATE AND TIME OF LATEST TRANSACTION | |
| control field | 20180209140855.0 |
| 008 - FIXED-LENGTH DATA ELEMENTS--GENERAL INFORMATION | |
| fixed length control field | 131126b xxu||||| |||| 00| 0pun d |
| 010 ## - LCCN (DPL NO) | |
| LC control number | PUN- B-577811-814 B-669885 |
| 020 ## - INTERNATIONAL STANDARD BOOK NUMBER | |
| Terms of availability | 200.00 |
| International Standard Book Number | 9789351132417 |
| 035 ## - SYSTEM CONTROL NUMBER | |
| System control number | PN- B-577811-814 |
| 035 ## - SYSTEM CONTROL NUMBER | |
| System control number | B-669885 |
| 037 ## - SOURCE OF ACQUISITION | |
| Source of stock number/acquisition | DBAD / PUB |
| 037 ## - SOURCE OF ACQUISITION | |
| Source of stock number/acquisition | Unistar Books |
| 037 ## - SOURCE OF ACQUISITION | |
| Source of stock number/acquisition | BPPD/KKP |
| 040 ## - CATALOGING SOURCE | |
| Original cataloging agency | dpl |
| Language of cataloging | pn |
| 082 ## - DEWEY DECIMAL CLASSIFICATION NUMBER | |
| Classification number | 921 |
| 100 ## - MAIN ENTRY--PERSONAL NAME | |
| Personal name | ਵੋਲਰੋਵ,ਗੈਨਰਿਥ਼ |
| 245 ## - TITLE STATEMENT | |
| Title | ਕਾਰਲ ਮਾਰਕਸ ਜੀਵਨ,ਸਖਸੀਅਤ ਅਤੇ ਵਿਚਾਰ / |
| Statement of responsibility, etc | ਗੈਨਰਿਥ਼ ਵੋਲਰੋਵ |
| 246 ## - VARYING FORM OF TITLE | |
| Title proper/short title | Karl Marx, Jeewan,Shakhsiyat ate vichar |
| Remainder of title | by Volkov G. |
| 260 ## - PUBLICATION, DISTRIBUTION, ETC. (IMPRINT) | |
| Place of publication, distribution, etc | Chandigarh |
| Name of publisher, distributor, etc | Unistar Books |
| Date of publication, distribution, etc | 2013 |
| 270 ## - ADDRESS | |
| City | Chandigarh |
| Address | sco-26,27, Sector-34A |
| Telephone number | 0172-5077427 |
| 300 4# - PHYSICAL DESCRIPTION | |
| Extent | 243p. |
| Dimensions | 22ਸੇਂਮੀ (ਅਜਿਲੱਦ) |
| 942 ## - ADDED ENTRY ELEMENTS (KOHA) | |
| Source of classification or shelving scheme | Dewey Decimal Classification |
| Item type | Punjabi Bks |
| Classification part | 921 |
| Call number suffix | ਵੋਲਰੋ |
| Withdrawn status | Lost status | Source of classification or shelving scheme | Damaged status | Not for loan | Collection code | Home library | Current library | Date acquired | Source of acquisition | Cost, normal purchase price | Total Checkouts | Full call number | Date last seen | Copy number | Cost, replacement price | Koha item type | Barcode |
|---|---|---|---|---|---|---|---|---|---|---|---|---|---|---|---|---|---|
| Dewey Decimal Classification | Non-fiction | Ashok Vihar | Ashok Vihar | 16/11/2017 | BPPD/PUN/2016-17/932/7-3-17 | 200.00 | 921 ਵੋਲਰੋ | 16/11/2017 | 1 | 200.00 | Punjabi Bks | B-669885 | |||||
| Dewey Decimal Classification | Non-fiction | Central Library | Central Library | 20/07/2015 | BPPD/166/27-8-14/BL-100/12-9-14/8-10-14 | 200.00 | 921 ਵੋਲਕੋ | 20/07/2015 | 1 | 200.00 | Punjabi Bks | B-577811 | |||||
| Dewey Decimal Classification | Non-fiction | D.B.Act.Division | D.B.Act.Division | 24/09/2014 | DBAD | 200.00 | 921 ਵੋਲਕੋ | 24/09/2014 | 1 | 200.00 | Punjabi Bks | ||||||
| Dewey Decimal Classification | Non-fiction | Janak Puri | Janak Puri | 20/07/2015 | BPPD/166/27-8-14/BL-100/12-9-14/8-10-14 | 200.00 | 1 | 921 ਵੋਲਕੋ | 19/07/2016 | 1 | 200.00 | Punjabi Bks | B-577812 | ||||
| Dewey Decimal Classification | Non-fiction | Karol Bagh | Karol Bagh | 20/07/2015 | BPPD/166/27-8-14/BL-100/12-9-14/8-10-14 | 200.00 | 921 ਵੋਲਕੋ | 20/07/2015 | 1 | 200.00 | Punjabi Bks | B-577814 | |||||
| Written-off vide DLB M. No. 383 dt 16.05.19 | Dewey Decimal Classification | Non-fiction | R.K.Puram-8 | R.K.Puram-8 | 20/07/2015 | BPPD/166/27-8-14/BL-100/12-9-14/8-10-14 | 200.00 | 921 ਵੋਲਕੋ | 20/07/2015 | 1 | 200.00 | Punjabi Bks | B-577813 |
